01623nam a2200433 a 4500008004100000020001500041041000800056245011000064250001100174260004300185300001100228500016100239653001000400653001900410653001300429653002300442653004700465653008700512653008700599653006500686653002700751653003600778653001600814653002300830653001500853653003000868653005800898653001900956700002400975700001900999700002501018700001901043700001901062700002201081700002701103700002101130700002001151700001801171171115e1997 ag ||||| |||| 00| 0 spa d a9504384749 aspa aDiagnóstico por imágenes en Medicina II.bT.1 Tórax. Retroperitoneo. Pancreas /cFrancisco A. Eleta a1a ed. aBuenos Aires:bArcangel Maggio;c1997. a271 p. aEleta, F. A. et al. (1997). Diagnóstico por imágenes en Medicina II. T.1 Tórax. Retroperitoneo. Páncreas. (1a ed.). Buenos Aires : Arcangel Maggio. aTorax aRetroperitoneo aPancreas aAnatomia del torax aTorax: Metodos de diagnostico por imagenes aMalformaciones congenitas y enfermedades pulmonares del recien nacido y del niño aMalformaciones congenitas y enfermedades pulmonares del recien nacido y del niño aAlteraciones de las vias aereas y de la ventilacion pulmonar aInfecciones pulmonares aEnfermedades difusas pulmonares aTorax agudo aTumores pulmonares aMediastino aEnfermedades de la pleura aAlteraciones de las paredes toracicas y del diafragma aRetroperitoneo1 aEleta, Francisco A.1 aVelan, Osvaldo1 aSan Roman, Jose Luis1 aBlejman, Oscar1 aBais, Mario H.1 aSecco, Roberto A.1 aGarcia Monaco, Ricardo1 aFarias, Patricia1 aDa Silva, Jorge1 aTorres, Diana